Adósság és rendszerváltás

How much burden does the current generation have to bear due to the floating debt created by the former power structure? When and why did that huge amount of debt start in the first place? It was already in progress at the time of the '56 revolution, and with forced industrialization, it sped u...

Teljes leírás

Elmentve itt :
Bibliográfiai részletek
Szerző: Szántó Tamás
Testületi szerző: Konferencia a rendszerváltozásokról (2009) (Szeged)
Dokumentumtípus: Könyv része
Megjelent: 2010
Sorozat:Szakkollégiumi füzetek 5
'89 rendszerváltozások Kelet-Európában : konferenciakötet 5
Kulcsszavak:Politikai változások - Kelet-Európa - 1989
Tárgyszavak:
Online Access:http://acta.bibl.u-szeged.hu/5580
LEADER 03114naa a2200277 i 4500
001 acta5580
005 20220119110445.0
008 161015s2010 hu o 0|| hun d
022 |a 1586-8036 
040 |a SZTE Egyetemi Kiadványok Repozitórium  |b hun 
041 |a hun 
041 |a eng 
100 1 |a Szántó Tamás 
245 1 0 |a Adósság és rendszerváltás  |h [elektronikus dokumentum] /  |c  Szántó Tamás 
260 |c 2010 
300 |a 22-32 
490 0 |a Szakkollégiumi füzetek  |v 5 
490 0 |a '89 rendszerváltozások Kelet-Európában : konferenciakötet  |v 5 
520 3 |a How much burden does the current generation have to bear due to the floating debt created by the former power structure? When and why did that huge amount of debt start in the first place? It was already in progress at the time of the '56 revolution, and with forced industrialization, it sped up. But because of the government's squandering, which was specific to that age, and the wide range of inappropriate investments, the loans were depleted quickly. The situation is best illustrated by the following example: Hungary, a country famous for its agricultural products and capabilities, bought crops from the USA. In order to satisfy the country's needs, which the Soviets weren't able to comply with, the government started to purchase western products, from credit. The Oil Crisis of '73 made new kinds of credit possible, and one thing was common among them: the terms of their conditions were loose. The debt became huge, and after '79, further funds weren't available. From that point onward, we were caught in a debt trap. We had to take credit if we were to pay back the previous ones. Additional problems emerged, and the economy showed a tendency to decrease. And of course, as a socialist country, we couldn't afford to make cuts in the people's welfare: taking further money would have been on the horizon if the socialist system had continued. Because of Polish martial law, trust in the region disappeared. The country was on the brink of economic disaster. In the words of Havasi: „If any of the banks had phoned us saying, 'Please pay back your loans because we don't trust you anymore,' we would have been done." Eventually, joining the IMF and receiving its granted credit, saved the economy. We played the role of the first socialist country to join such an organization. Through our example, others could see how they would be treated by the Foundation. Of course, such a state of affairs couldn't have lasted forever. The IMF tied further credit to economic reforms, which were later issued as the very own policies of the government. Paralelly, as the dollar was losing its reliability, the credits were becoming threatened. 
650 4 |a Társadalomtudományok 
650 4 |a Politikatudomány 
650 4 |a Bölcsészettudományok 
650 4 |a Történettudomány és régészet 
695 |a Politikai változások - Kelet-Európa - 1989 
710 |a Konferencia a rendszerváltozásokról (2009) (Szeged) 
856 4 0 |u http://acta.bibl.u-szeged.hu/5580/1/szakkol_005_022-032.pdf  |z Dokumentum-elérés